000 00329nam a22001457a 4500
008 210308b ||||| |||| 00| 0 eng d
020 _a0070722528
041 _aeng
080 _22nd
_a62
082 _a62
100 _a26
101 _aMEK
245 _aMachine Drafting and Related Technology
_cYanke, H.W
942 _2udc
_cBK
999 _c56024
_d56024